Statistiques concernant Culture Générale - Série 1359

Cliquez ici pour prendre le quiz!

Statistiques générales

  • Ce quiz a été pris 43 fois
  • Le résultat moyen est 7 sur 10

Statistiques - réponses

Question Réponse % Correct
Comment appelle-t-on la lutte japonaise pratiquée par des adversaires exceptionnellement grands et corpulents ?sumo
95%
Qui a peint le plafond de la chapelle Sixtine, du Vatican ?Michel-Ange
93%
Quel est le premier mot de la fable de Jean de La Fontaine "Le Corbeau et le Renard" ?Maître
83%
A quel pays s'allia Napoléon Ier, lorsqu'il épousa Marie-Louise, en 1810 ?Autriche
80%
Dans quelle Région française fabrique-t-on le fromage à pâte dense et fruitée appelé "comté" ?Franche-Comté
73%
Durant quelle guerre l'action de la bande dessinée "Les Tuniques bleues" se déroule-t-elle ?guerre de Sécession
66%
Quel footballeur brésilien fut élu meilleur buteur de la Coupe du monde 2002 ?Ronaldo
63%
Quel comédien et humoriste français, disparu en septembre 2009, se cachait derrière la "Baronne de la Tronche en Biais" ?Sim
46%
Dans le film "Le Tatoué" de 1968, quel célèbre peintre italien est censé avoir tatoué le dos de Jean Gabin ?Modigliani
39%
Quel est le prénom de la fille de Jacques Higelin, chanteuse qui a reçu deux Victoires de la musique en 2010 ?Izia
29%

Distribution des résultats

Percentile par nombre de réponses

% des personnes avec chaque résultat

Votre développement - résultats

Vous n’avez pas pris ce quiz